[Event "Rewal op-B 15th"]
[Site "Rewal"]
[Date "2010.08.24"]
[Round "5"]
[White "Polok, Robert"]
[Black "Stachura, Blazej"]
[Result "1/2-1/2"]
[WhiteElo "1779"]
[BlackElo "1859"]
[PlyCount "38"]
[EventDate "2010.08.18"]
[EventType "swiss"]
[EventRounds "9"]
[EventCountry "POL"]
[SourceTitle "EXT 2014"]
[Source "ChessBase"]
[SourceDate "2013.11.20"]
[SourceVersion "1"]
[SourceVersionDate "2013.11.20"]
[SourceQuality "1"]

1. e4 c6 2. d4 d5 3. e5 Bf5 4. g4 Be4 5. f3 Bg6 6. h4 h5 7. Bg5 e6 8. Bd3 Bxd3 9. Qxd3 Qa5+ 10. Bd2 Qa6 11. Qxa6 Nxa6 12. Ne2 Ne7 13. Ng3 c5 14. c3 Nc6 15. Be3 Kd7 16. a3 Be7 17. b4 cxd4 18. cxd4 Nc7 19. Nc3 g6 1/2-1/2